Normal view
MARC view
- زعيتر، عبد الرحمن بن صبحي
Entry Personal Name
001 - CONTROL NUMBER
- control field: 29972
003 - CONTROL NUMBER IDENTIFIER
- control field: JO-AjAnu
005 - DATE AND TIME OF LATEST TRANSACTION
- control field: 20230606075048.0
008 - FIXED-LENGTH DATA ELEMENTS
- fixed length control field: 230606|| aca||aabn | a|a d
040 ## - CATALOGING SOURCE
- Original cataloging agency: JO-AjAnu
- Transcribing agency: JO-AjAnu
100 ## - HEADING--PERSONAL NAME
- Personal name: زعيتر، عبد الرحمن بن صبحي
670 ## - SOURCE DATA FOUND
- Source citation: Work cat.: (JO-AjAnu)15392: زعيتر، عبد الرحمن بن صبحي, author, حكم الإسلام في شهادات الإستثمار وصناديق التوفير وودائع البنوك: رد تفصيلي على الفتوى التي أصدرها مفتي مصر في إباحة الربا و موؤيديها كالشيخ الغزالي والشيخ النمر